| 000 | 00323nam a22001337a 4500 | ||
|---|---|---|---|
| 020 | _a9788120325593 | ||
| 040 | _cNUST | ||
| 082 | _a621.382 COM | ||
| 100 |
_aNiit _95329 |
||
| 245 | _aCommunication System | ||
| 260 |
_aPrentice-Hall; _bAsoke K.Ghosh, _c2004. |
||
| 650 |
_aCommunication System _9114513 |
||
| 942 |
_2ddc _cBK |
||
| 999 |
_c595851 _d595851 |
||